Verejná mienka a protesty verejnosti na Slovensku
Saved in:
| Main Author: | |
|---|---|
| Other Authors: | |
| Format: | Book |
| Language: | Slovak |
| Published: |
Bratislava
Prognostický ústav SAV
1992
|
| Series: | Otvorená séria. Analýzy
č. 1 |
| Subjects: | |
| Tags: |
No Tags, Be the first to tag this record!
|
MARC
| LEADER | 00000nam a2200000 4500 | ||
|---|---|---|---|
| 001 | c124981 | ||
| 005 | 20221123102026.7 | ||
| 041 | 0 | |a slo | |
| 044 | |a SK | ||
| 245 | 1 | 0 | |a Verejná mienka a protesty verejnosti na Slovensku |c Jana Gašparíková, Ján Stena |
| 264 | 1 | |a Bratislava |b Prognostický ústav SAV |c 1992 | |
| 300 | |a 13 s. | ||
| 490 | 1 | |a Otvorená séria. Analýzy |v č. 1 | |
| 830 | 0 | |a Otvorená séria. Analýzy |v č. 1 | |
| 610 | 2 | 0 | |a mienka verejná |
| 610 | 2 | 0 | |a občania |
| 610 | 2 | 0 | |a neposlušnosť občianska |
| 610 | 2 | 0 | |a demokracia |
| 610 | 2 | 0 | |a sloboda |
| 610 | 2 | 0 | |a spoločnosť |
| 610 | 2 | 0 | |a Slovensko |
| 100 | 1 | |a Gašparíková, Jana | |
| 700 | 1 | |a Stena, Ján | |